• 首页
  • 本馆介绍
  • 公告通知
  • 最新文献
  • 馆藏检索
  • 电子资源
  • 读者导购
  • 参考咨询
  • 我的图书馆
  • 登录
  • 详细信息显示
  • 放入我的书架
  • 预约/预借图书
  • 作者相关作品
  • 分类相关作品
  • 丛书相关作品
  • 出版社相关作品

书目信息

  • 表格格式
  • 工作单格式
  • 卡片格式
题名:
汪星人大“阅兵”
    
 
作者: ;尹莉莉 译 ;卢卡 摄影
分册:  
出版信息: 北京   中华工商联合出版社  2017
页数: 125页
开本: 22×22cm
丛书名:
单 册:
中图分类: J439.5 , J4
科图分类:
主题词: 犬--艺术摄影--意大利--现代--摄影集 , 摄影艺术
电子资源:
ISBN: 978-7-5158-2108-5
000 00842nam0 2200277 450
001 2349675167
005 20231129134817.88
010    @a978-7-5158-2108-5@b精装@dCNY98.00
100    @a20181129d2017 em y0chiy50 ea
101 1  @achi@aeng@cita
102    @aCN@b110000
105    @aa z 000yy
200 1  @a汪星人大“阅兵”@Awang xing ren da “ yue bing ”@f(意)阿拉尔杜·德·卢卡摄影@g尹莉莉译
210    @a北京@c中华工商联合出版社@d2017
215    @a125页@c图,照片@d22×22cm
304    @a书名原文:Dog parade
305    @a中华版权代理总公司授权出版
510 1  @aDog parade@zeng
606 0  @a犬@x艺术摄影@y意大利@z现代@j摄影集
606 0  @a摄影艺术
690    @aJ439.5@v5
690    @aJ4@v4
702  0 @a尹莉莉@Ayin li li@4译
711 02 @c(意)@a卢卡@Alu ka@4摄影
801  0 @aCN@b山东中教@c20231126
905    @aBZT@dJ4@e7
    
    汪星人大“阅兵”/(意)阿拉尔杜·德·卢卡摄影/尹莉莉译.-北京:中华工商联合出版社,2017
    125页:图,照片;22×22cm
    
    
    ISBN 978-7-5158-2108-5(精装):CNY98.00
    
●
相关链接 在五车中查询图书 在当当中查询图书 在豆瓣中查询图书


正题名:汪星人大"阅兵"     索取号:J4/7         预约/预借

序号 登录号 条形码 馆藏地/架位号 状态 备注
1 2001192679   2001192679   中教(第二批第二书库)/山东中教(第二批)/243/ [索取号:J4/7] 在馆    
2 2001192680   2001192680   中教(第二批第二书库)/山东中教(第二批)/243/ [索取号:J4/7] 在馆    
3 2001192681   2001192681   中教(第二批第二书库)/山东中教(第二批)/243/ [索取号:J4/7] 在馆    
4 2001192682   2001192682   中教(第二批第二书库)/山东中教(第二批)/243/ [索取号:J4/7] 在馆    
5 2001192683   2001192683   中教(第二批第二书库)/山东中教(第二批)/243/ [索取号:J4/7] 在馆    
6 2001192684   2001192684   中教(第二批第二书库)/山东中教(第二批)/243/ [索取号:J4/7] 在馆    
7 2001192685   2001192685   中教(第二批第二书库)/山东中教(第二批)/243/ [索取号:J4/7] 在馆    
8 2001192686   2001192686   中教(第二批第二书库)/山东中教(第二批)/243/ [索取号:J4/7] 在馆    
9 2001192687   2001192687   中教(第二批第二书库)/山东中教(第二批)/243/ [索取号:J4/7] 在馆    
10 2001192688   2001192688   中教(第二批第二书库)/山东中教(第二批)/243/ [索取号:J4/7] 在馆    
11 2001192689   2001192689   中教(第二批第二书库)/山东中教(第二批)/243/ [索取号:J4/7] 在馆    
12 2001192690   2001192690   中教(第二批第二书库)/山东中教(第二批)/243/ [索取号:J4/7] 在馆    
13 2001192691   2001192691   中教(第二批第二书库)/山东中教(第二批)/243/ [索取号:J4/7] 在馆    
14 2001192692   2001192692   中教(第二批第二书库)/山东中教(第二批)/243/ [索取号:J4/7] 在馆    
15 2001192693   2001192693   中教(第二批第二书库)/山东中教(第二批)/243/ [索取号:J4/7] 在馆    
16 2001192694   2001192694   中教(第二批第二书库)/山东中教(第二批)/243/ [索取号:J4/7] 在馆    
17 2001192695   2001192695   中教(第二批第二书库)/山东中教(第二批)/243/ [索取号:J4/7] 在馆    
18 2001192696   2001192696   中教(第二批第二书库)/山东中教(第二批)/243/ [索取号:J4/7] 在馆    
19 2001192697   2001192697   中教(第二批第二书库)/山东中教(第二批)/243/ [索取号:J4/7] 在馆    
20 2001192698   2001192698   中教(第二批第二书库)/山东中教(第二批)/243/ [索取号:J4/7] 在馆    
21 2001192699   2001192699   中教(第二批第二书库)/山东中教(第二批)/243/ [索取号:J4/7] 在馆    
22 2001192700   2001192700   中教(第二批第二书库)/山东中教(第二批)/243/ [索取号:J4/7] 在馆    
23 2001192701   2001192701   中教(第二批第二书库)/山东中教(第二批)/243/ [索取号:J4/7] 在馆    
24 2001192702   2001192702   中教(第二批第二书库)/山东中教(第二批)/243/ [索取号:J4/7] 在馆    
25 2001192703   2001192703   中教(第二批第二书库)/山东中教(第二批)/243/ [索取号:J4/7] 在馆    
26 2001192704   2001192704   中教(第二批第二书库)/山东中教(第二批)/243/ [索取号:J4/7] 在馆    
27 2001192705   2001192705   中教(第二批第二书库)/山东中教(第二批)/243/ [索取号:J4/7] 在馆    
28 2001192706   2001192706   中教(第二批第二书库)/山东中教(第二批)/243/ [索取号:J4/7] 在馆    
29 2001192707   2001192707   中教(第二批第二书库)/山东中教(第二批)/243/ [索取号:J4/7] 在馆    
30 2001192708   2001192708   中教(第二批第二书库)/山东中教(第二批)/243/ [索取号:J4/7] 在馆    
山东省滨州职业学院图书馆 欢迎您!
大连网信软件有限公司© 版权所有